Carbon stock in rubber tree plantations in Western Ghana and Mato Grosso (Brazil) (Record no. 55187)

MARC details
000 -LEADER
fixed length control field 00463nam a2200169Ia 4500
100 ## - MAIN ENTRY--AUTHOR NAME
Personal name Wauters J.B.
245 #0 - TITLE STATEMENT
Title Carbon stock in rubber tree plantations in Western Ghana and Mato Grosso (Brazil)
260 ## - PUBLICATION, DISTRIBUTION, ETC. (IMPRINT)
Name of publisher Forest Ecology and Management
Year of publication 2008
300 ## - PHYSICAL DESCRIPTION
Number of Pages 2347-2361
700 ## - ADDED ENTRY--PERSONAL NAME
Personal name Coudert S.
700 ## - ADDED ENTRY--PERSONAL NAME
Personal name Grallien E.
700 ## - ADDED ENTRY--PERSONAL NAME
Personal name Jonard M.
700 ## - ADDED ENTRY--PERSONAL NAME
Personal name Ponette Q.
856 ## - ELECTRONIC LOCATION AND ACCESS
Uniform Resource Identifier CAB CD
942 ## - ADDED ENTRY ELEMENTS (KOHA)
Koha item type Journals
Holdings
Withdrawn status Lost status Damaged status Not for loan Home library Current library Shelving location Date acquired Serial Enumeration / chronology Koha item type
      Journals RRII Library RRII Library Agronomy 18/02/2010 Volume 255, Issue 7 Journals